01425cam a2200337 a 4500001001000000003000400010005001700014008004100031020001500072040002500087082001800112100003500130245010100165260004000266300002100306490003300327504003200360586003400392590002700426650005600453650005500509651005500564830003700619910001500656942001300671952014000684952012500824952010900949956001401058999001501072000006400OSt20200929153927.0810821s1980 mx b 001 0 spa  a9682309956 aDO-SdBNPbspacBNPHU a338.88bC352a1 aCastillo Rivas, Donald.91778510aAcumulación de capital y empresas transnacionales en Centroamérica /cDonald Castillo Rivas. aMéxico :bSiglo Veintiuno,c1980. a277 p. ;c18 cm. aSociología y política ;  aBibliografía : p. 269-277 aPremio Ensayo siglo XXI, 1980 aInventariado, 2020/ YL 4aCompañías extranjeraszAmérica Central917786 4aEmpresas internacionaleszAmérica Central917787 4aAmérica CentralxCondiciones Económicas917788 0aSociología y política917789 aEn proceso 2ddccLF1 00102ddc50718MOaGRbGRcCTd2009-08-28eCompra, Librería La TrinitariaiLF1l0o338.88 C352ap6400-10r2020-06-25w2020-06-25y1 00112ddc50718MOaGRbGRcCTd2009-12-07eDonación iLF1l0o338.88 C352ap6400-20r2020-06-25te. 2w2020-06-25y1 00112ddc708MOaGRbGRcMId2017-04-19iLF1l0o338.88 C352ap6400-30r2020-06-25te. 3w2020-06-25y4 aYLOCKWARD c6195d6195